000 00598nam a2200241Ia 4500
003 OSt
005 20221005114352.0
006 a|||||r|||| 00| 0
007 ta
008 221004b |||||||| |||| 00| 0 tel d
024 _a39775
037 _cTextual
040 _aCRL
_cCRL
_btel
041 _2tel
_atel
082 _aV2,4'N19, 35N8
100 _aReddi sivarami Au.
_9625864
245 0 _aArunadhaya
260 _c1998
300 _a226p.
_ccm.
650 _aINDIA - HISTORY
942 _hV2,4'N19, 35N8
_cTEXL
_2cc
999 _c1031120
_d1031120